Encyclopedia of right to information and ISO. 5V. (Record no. 397030)

MARC details
000 -LEADER
fixed length control field 00563nam a22001937a 4500
005 - DATE & TIME
control field 20260219094317.0
008 - FIXED-LENGTH DATA ELEMENTS--GENERAL INFORMATION
fixed length control field 260218b |||||||| |||| 00| 0 eng d
020 ## - ISBN
International Standard Book Number 9789388514323
Price Rs. 1995.00
040 ## - CATALOGING SOURCE
Original cataloging agency VIVEKANANDA LIBRARY
082 ## - DDC NUMBER
Classification number 342.0662
Book Number V451E
100 ## - MAIN ENTRY--PERSONAL NAME
Personal name Vataliya, K S, ed.
245 ## - TITLE STATEMENT
Title Encyclopedia of right to information and ISO. 5V.
260 ## - PUBLICATION, DISTRIBUTION, ETC. (IMPRINT)
Place of publication, distribution, etc Jaipur
Name of publisher, distributor, etc Paradise Publishers
Date of publication, distribution, etc 2021
300 ## - PHYSICAL DESCRIPTION
Pages 239
650 ## - Subject
Subject Freedom of information
650 ## - Subject
Subject International Organization for Standardization
650 ## - Subject
Subject Records Management
942 ## - ADDED ENTRY ELEMENTS (KOHA)
Koha item type Books
Holdings
Withdrawn status Lost status Source of classification or shelving scheme Damaged status Not for loan Location (home branch) Sublocation or collection (holding branch) Shelving location Date acquired Koha issues (times borrowed) Koha full call number Accession No. Koha date last seen Copy number Koha item type
    Dewey Decimal Classification     VIVEKANANDA LIBRARY VIVEKANANDA LIBRARY Law Library 18/02/2026   342.0662 V451E 377867 18/02/2026 V5; R Books
© Designed and Maintained by Vivekananda Library, MDU Rohtak